| 000 | 00805nam a2200217 a 4500 | ||
|---|---|---|---|
| 008 | 071001s1997 ||||||||||||||||| || u | ||
| 020 | _a0198265506 | ||
| 050 | _aKJ 605 Rat | ||
| 100 | _aRatner, Steven R | ||
| 245 | 1 | 0 |
_aAccountability for human rights atrocities in international law: beyond Nuremberg legacy _cSteven R. Ratner; Jason S. Abrams |
| 260 |
_aNew York: _bOxford University Press _c1997 |
||
| 300 | _axxxv, 368p. | ||
| 350 | _a0.00 | ||
| 650 | _aLAW | ||
| 650 | 0 | _aHUMAN RIGHTS | |
| 650 | _aCRIMES AGAINST HUMANITY | ||
| 650 | _aINTERNATIONAL OFFENSES | ||
| 650 | 7 |
_aGENOCIDE _2fast |
|
| 700 | _aAbrams, Jason S | ||
| 995 |
_D0.00 _FCBU-MAIN LIBRARY (Kitwe) _H1 _I0.00 _M1 _UAVAILABLE _WOct 1, 2007 _ZMain Library Open Access Collection |
||
| 999 |
_c33275 _d33275 |
||